• 首页
  • 本馆介绍
  • 公告通知
  • 最新文献
  • 馆藏检索
  • 电子资源
  • 读者导购
  • 参考咨询
  • 我的图书馆
  • 登录
  • 详细信息显示
  • 放入我的书架
  • 预约/预借图书
  • 作者相关作品
  • 分类相关作品
  • 丛书相关作品
  • 出版社相关作品

书目信息

  • 表格格式
  • 工作单格式
  • 卡片格式
题名:
文献检索与科技论文写作
    
 
作者: 黄军左 , 丁书江 主编
分册:  
出版信息: 北京   中国石化出版社  2018.01
页数: 253页
开本: 26cm
丛书名:
单 册:
中图分类: G254.9 , H152.2
科图分类:
主题词: 信息检索--xin xi jian suo--高等学校--教材 , 论文--lun wen--写作--高等学校--教材
电子资源:
ISBN: 978-7-5114-4739-5
000 01220nam0 2200313 450
001 0109110056
005 20201109164122.87
010    @a978-7-5114-4739-5@dCNY30.00
100    @a20181129e20202018em y0chiy50 ea
101 0  @achi
102    @aCN@b110000
105    @aa z 000yy
106    @ar
200 1  @a文献检索与科技论文写作@Awen xian jian suo yu ke ji lun wen xie zuo@f黄军左, 丁书江主编
205    @a3版
210    @a北京@c中国石化出版社@d2018.01@h2020.01
215    @a253页@c图@d26cm
300    @a普通高等教育“十三五”规划教材
312    @a封面英文题名:Document retrieval and scientific papers writing
330    @a本书共分9章,主要介绍了文献检索的基本知识、工具书类型及功用、网络信息资源、国内外的全文数据库检索、著名外文文摘检索、专利文献检索、特种文献检索等,还介绍了科技论文写作的相关内容。
510 1  @aDocument retrieval and scientific papers writing@zeng
606 0  @a信息检索@Axin xi jian suo@x高等学校@j教材
606 0  @a论文@Alun wen@x写作@x高等学校@j教材
690    @aG254.9@v5
690    @aH152.2@v5
701  0 @a黄军左@Ahuang jun zuo@c(女,@f1967~)@4主编
701  0 @a丁书江@Ading shu jiang@4主编
801  0 @aCN@bBJSZM@c20201103
905    @b1265976-80@dG254.9@e154=3@f5
    
    文献检索与科技论文写作/黄军左, 丁书江主编.-3版.-北京:中国石化出版社,2018.01(2020.01)
    253页:图;26cm
    普通高等教育“十三五”规划教材
    
    ISBN 978-7-5114-4739-5:CNY30.00
    本书共分9章,主要介绍了文献检索的基本知识、工具书类型及功用、网络信息资源、国内外的全文数据库检索、著名外文文摘检索、专利文献检索、特种文献检索等,还介绍了科技论文写作的相关内容。
●
相关链接 在E读中查询图书 在五车中查询图书 在当当中查询图书 在豆瓣中查询图书


正题名:文献检索与科技论文写作     索取号:G254.9/154=3         预约/预借

序号 登录号 条形码 馆藏地/架位号 状态 备注
1 1265976   212659764   第一样本阅览室/ [索取号:G254.9/154=3] 在馆    
2 1265977   212659773   教育系资料室/ [索取号:G254.9/154=3] 在馆    
3 1265978   212659782   教育系资料室/ [索取号:G254.9/154=3] 在馆    
4 1265979   212659791   第四借阅区/ [索取号:G254.9/154=3] 在馆    
5 1265980   212659808   第四借阅区/ [索取号:G254.9/154=3] 在馆    
唐山师范学院图书馆 欢迎您!
大连网信软件有限公司© 版权所有